| 000 | 00434nam a2200181 4500 | ||
|---|---|---|---|
| 003 | SEACOMEC | ||
| 005 | 20231004110927.0 | ||
| 008 | 230930b |||||||| |||| 00| 0 eng d | ||
| 020 | _cRs.300.00 | ||
| 040 | _aSEACOMEC | ||
| 082 |
_a620.1 _bKUM |
||
| 100 | 1 | _aKumaravelan,R. | |
| 245 | 1 |
_aEngineering Mechanics _cR. Kumaravelan |
|
| 260 |
_aChennai _bScitech _c2005 |
||
| 650 | _aEngineering | ||
| 700 | 1 | _aR. Kumaravelan | |
| 942 | _cBOOK | ||
| 999 |
_c39 _d39 |
||